00791nab a2200229 uc450000100070000000500170000700800410002403500110006503500210007604000130009704100080011010000320011824500870015065000370023765000420027465000200031665000440033665000480038077301040042894200100053299900190054260455020250221090807.0000628e19990901 spa  a604550 a(OCoLC)819836402 ccomduadb aspa10aShaw, Lan4auteaut930872912aEvaluacion desde la practica: un enfoque cualitativo sobre la practica profesional aEvaluación cualitativa9175955 7aEvaluación académica2lemb914038 aEspaña928211 7aInvestigación cualitativa2dcs939166 7aCalidad de la educación superior29431750 tR T S Revista de Treball Social (Barcelona)gNo. 155, Sep. 1999, p. 58-76w258662x0212-7210098411 cARIMP c151488d151488